logo

Bir Sreshtho Munshi Abdur Rouf Library
Jhenaidah Cadet College

Variant Readings Of The Qur'an: (Record no. 12473)

MARC details
000 -LEADER
fixed length control field 00724nam a2200253 a 4500
001 - CONTROL NUMBER
JCCL Control Number 12473
003 - CONTROL NUMBER IDENTIFIER
JCCL marc code BD-JhCC
005 - DATE AND TIME OF LATEST TRANSACTION
control field 20220227090853.0
008 - FIXED-LENGTH DATA ELEMENTS--GENERAL INFORMATION
fixed length control field 220227b2006 enk |||| ||6| 001 0 eng d
020 ## - INTERNATIONAL STANDARD BOOK NUMBER
International Standard Book Number 1565644212
035 ## - SYSTEM CONTROL NUMBER
system control number (BD-JhCC)12473
040 ## - CATALOGING SOURCE
Original cataloging agency BD-JhCC
Modifying agency BD-JhCC
041 ## - LANGUAGE CODE
Language code of Book English
082 ## - DEWEY DECIMAL CLASSIFICATION NUMBER
Classification number 297.1227
Author mark and Year ALI 2006
100 ## - MAIN ENTRY--PERSONAL NAME
Personal name Al-Imam,Ahmad Ali
245 ## - TITLE STATEMENT
Title Variant Readings Of The Qur'an:
Remainder of title A Critical Study Of Their Historical and Linguistic Origins /
Statement of responsibility, etc Ahmad Ali Al-Imam.
260 ## - PUBLICATION, DISTRIBUTION, ETC. (IMPRINT)
Place of publication, distribution, etc London :
Name of publisher, distributor, etc The International Institute Of Islamic Thought;
Date of publication, distribution, etc 2006.
300 ## - PHYSICAL DESCRIPTION
Pagination 167 p. :
Dimensions 22 cm.
650 ## - SUBJECT ADDED ENTRY--TOPICAL TERM
Topical term or geographic name as entry element Qur'an
650 ## - SUBJECT ADDED ENTRY--TOPICAL TERM
Topical term or geographic name as entry element Reading
650 ## - SUBJECT ADDED ENTRY--TOPICAL TERM
Topical term or geographic name as entry element Education
942 ## - ADDED ENTRY ELEMENTS (KOHA)
Source of classification or shelving scheme Dewey Decimal Classification
Koha item type Books
Holdings
Source of classification or shelving scheme Damaged status Not for loan Home library Current library Shelving location Date of accession Cost, normal purchase price Total Checkouts Full call number Barcode Date last seen Copy number Koha item type
Dewey Decimal Classification     JCC Rouf Library JCC Rouf Library General Stacks 06/10/2021 250.00   297.1227 ALI 2006 16873 02/27/2022 C-1 Books

JCC Library | Contacts | JCC Home

Last Update on 23 September 2017
Copyright @ 2017-2020 JCC Rouf Library
Rouf Library, Jhenidah Cadet College (JCC), Bangladesh